Sports Quiz

Random Sports or NFL Quiz

President And Quarterback Colleges Quiz Stats

 Plays Quiz Updated May 30, 2018

Challenge
Share
Tweet
Embed
Score 0/13 Timer 10:00
2 Plays Today
Number QBs/Presidents College % Correct
1 Quarterback
7 Presidents
Harvard University
94.2%
1 Quarterback
5 Presidents
Yale University
89.6%
9 Quarterbacks
1 President
University of Michigan
86.4%
15 Quarterbacks
1 President
Stanford University
69%
1 Quarterback
2 Presidents
Princeton University
67.5%
1 Quarterback
1 President
Columbia University
49.1%
1 Quarterback
1 President
United States Naval Academy
44.2%
2 Quarterback
1 President
Duke University
42.1%
2 Quarterbacks
1 President
University of North Carolina
42%
2 Quarterbacks
1 President
Miami University(OH)
38.5%
1 Quarterback
2 Presidents
The College of William and Mary
24.5%
2 Quarterbacks
1 President
University of Cincinnati
10.2%
1 Quarterback
1 President
Texas State University
7.2%

You're not logged in!

Compare scores with friends on all Sporcle quizzes.
OR
Log In

You Might Also Like...

Show Comments

Extras

Top Quizzes Today


Score Distribution

Your Account Isn't Verified!

In order to create a playlist on Sporcle, you need to verify the email address you used during registration. Go to your Sporcle Settings to finish the process.

Report this User

Report this user for behavior that violates our Community Guidelines.

Details: